| 000 | 01674cam a2200337 a 4500 | ||
|---|---|---|---|
| 001 | 6204 | ||
| 003 | FISKH | ||
| 005 | 20250328095303.0 | ||
| 008 | 020521s2002 nyu 000 1 eng | ||
| 010 | _a 2002071712 | ||
| 020 | _a1400031362 (pbk.) | ||
| 020 | _a9780349117003 | ||
| 040 |
_aDLC _cDLC _dDLC _beng |
||
| 050 | _aPR6063.C326 M67 | ||
| 082 | _a823.92 | ||
| 100 | 1 |
_aMcCall Smith, Alexander, _d1948- |
|
| 245 | 1 | 0 |
_aMorality for beautiful girls / _cAlexander McCall Smith. |
| 250 | _aThis edition published by Abacus in 2003 | ||
| 260 |
_aNew York : _bAbacus, _c2001. |
||
| 300 |
_a246 pages : _c20 cm |
||
| 520 | _aIn Morality for Beautiful Girls, Precious Ramotswe, founder and owner of the only detective agency for the concerns of both ladies and others, investigates the alleged poisoning of the brother of an important Government Man, and the moral character of the four finalists of the Miss Beauty and Integrity Contest, the winner of which will almost certainly be a contestant for the title of Miss Botswana. Yet her business is having money problems, and when other difficulties arise at her fiancés Tlokweng Road Speedy Motors, she discovers the reliable Mr. J.L.B. Matekoni is more complicated then he seems. | ||
| 600 | 1 | 0 |
_aRamotswe, Precious _c(Fictitious character) _vFiction. |
| 650 | 0 |
_aWomen private investigators _zBotswana _vFiction. |
|
| 650 | 0 |
_aBeauty contests _vFiction. |
|
| 650 | 0 |
_aNo. 1 Ladies' Detective Agency (Imaginary organization) _vFiction. |
|
| 651 | 0 |
_aBotswana _vFiction. |
|
| 655 | 7 |
_aMystery fiction. _2gsafd |
|
| 906 |
_a7 _bcbc _corignew _d1 _eocip _f20 _gy-gencatlg |
||
| 942 |
_2ddc _cBK _n0 |
||
| 999 |
_c6204 _d6204 |
||